000
00233nam a2200097Ia 4500
001
656556
005
20250826154558.0
008
250824s9999 xx 000 0 und d
245
0
_a
BİR YUMAK MUTLULULK
_c
DEBBI MACOMBER
260
_b
MARTI
999
_c
656556
_d
656556